[Event "Corrientes Mayor Rosarino op"]
[Site "Corrientes"]
[Date "2022.10.10"]
[Round "8"]
[White "Marino, Javier"]
[Black "Brito, Sofia"]
[Result "0-1"]
[WhiteElo "1915"]
[BlackElo "1706"]
[PlyCount "70"]
[EventDate "2022.10.06"]
[EventType "swiss"]
[EventRounds "9"]
[EventCountry "ARG"]
[SourceTitle "CBM 210 Extra"]
[Source "ChessBase"]
[SourceDate "2022.11.30"]
[SourceVersion "1"]
[SourceVersionDate "2022.11.30"]
[SourceQuality "1"]

1. d4 Nf6 2. c4 g6 3. Nc3 Bg7 4. e4 d6 5. f3 0-0 6. Be3 c5 7. dxc5 dxc5 8. Qxd8 Rxd8 9. Bxc5 Nc6 10. Rd1 Rxd1+ 11. Kxd1 Nd7 12. Be3 Bxc3 13. bxc3 Nde5 14. h3 Be6 15. Ne2 Nxc4 16. Bc1 Rd8+ 17. Kc2 N4a5 18. a3 Bb3+ 19. Kb2 Rd1 20. Ng3 Ne5 21. Be2 Nd3+ 22. Bxd3 Rxd3 23. Nf1 Ba4 24. Ne3 Nb3 25. Nd5 Nxc1 26. Kxc1 e6 27. Nb4 Rxc3+ 28. Kb2 Rb3+ 29. Ka2 Re3 30. Kb2 a5 31. Na2 Re2+ 32. Kb1 Rxg2 33. Rc1 Bc6 34. Rc5 Rg3 35. Rxa5 Rxf3 0-1

[Event "South America-ch U14 Girls 16th"]
[Site "Buenos Aires"]
[Date "2019.12.05"]
[Round "7.6"]
[White "Brito, Sofia"]
[Black "Roepke, Sofia"]
[Result "1/2-1/2"]
[WhiteElo "1702"]
[BlackElo "1631"]
[PlyCount "51"]
[EventDate "2019.12.01"]
[EventType "swiss"]
[EventRounds "9"]
[EventCountry "ARG"]
[SourceTitle "EXT 2024"]
[Source "ChessBase"]
[SourceDate "2023.10.10"]
[SourceVersion "1"]
[SourceVersionDate "2023.10.10"]
[SourceQuality "1"]

1. d4 d5 2. c4 e6 3. Nc3 Nf6 4. cxd5 exd5 5. Bg5 Be7 6. e3 Bf5 7. Qb3 Nbd7 8. Nxd5 Be6 9. Nxf6+ gxf6 10. d5 Nc5 11. Qc2 fxg5 12. dxe6 Nxe6 13. a3 c6 14. Bc4 Qa5+ 15. Qd2 Qxd2+ 16. Kxd2 0-0-0+ 17. Kc2 Rd6 18. Ne2 Rhd8 19. Rad1 Rxd1 20. Rxd1 Rxd1 21. Kxd1 Kd7 22. Ng3 f6 23. Kc2 Nc7 24. Kd3 Ne8 25. Nf5 Nd6 26. Nxe7 1/2-1/2

[Event "Concepcion del Uruguay op"]
[Site "Concepcion del Uruguay"]
[Date "2019.05.05"]
[Round "6"]
[White "Brito, Sofia"]
[Black "Velazco, Tomas Sebastian"]
[Result "1-0"]
[WhiteElo "1717"]
[BlackElo "1451"]
[PlyCount "57"]
[EventDate "2019.05.03"]
[EventType "swiss"]
[EventRounds "6"]
[EventCountry "ARG"]
[SourceTitle "CBM 190 Extra"]
[Source "ChessBase"]
[SourceDate "2019.07.15"]
[SourceVersion "1"]
[SourceVersionDate "2019.07.15"]
[SourceQuality "1"]

1. e4 e5 2. d4 exd4 3. Qxd4 Nc6 4. Qe3 Nf6 5. Nc3 b6 6. Bd2 Bc5 7. Qg3 Rg8 8. 0-0-0 Bb7 9. f3 Bd6 10. Qf2 Qe7 11. Nd5 Qd8 12. Ne3 Ne7 13. Bc3 Bc5 14. Qd2 c6 15. Ne2 Qc7 16. Bd4 Bxd4 17. Qxd4 0-0-0 18. Nc3 d5 19. exd5 Nexd5 20. Nexd5 Nxd5 21. Qg4+ Kb8 22. Nxd5 Rxd5 23. Rxd5 cxd5 24. Bd3 g6 25. Qh4 f5 26. Re1 Rd8 27. Re7 Qd6 28. Qxh7 Qc6 29. Bb5 1-0